00555pab a2200169 454500008004000000100002000040245009600060260000900156300001500165362001100180650001100191700001700202773003400219909001000253999001700263952010500280180718b1997 xxu||||| |||| 00| 0 eng d aRao, Vijayendra aAre prices higher for the poor?: price heterogeneity and real inequality in rural Karnataka c1997 ap.3073-079 a29 Nov aPrices aKomala, A.C. aEconomic and Political Weekly a36149 c36149d36149 00104070aIIPAbIIPAd2018-07-19hVolume no: 32, Issue no: 48pAR36415r2018-07-19w2018-07-19yAR